000 00525nam a2200181Ia 4500
003 IN-BaIIA
008 211028s9999 xx 000 0 eng d
020 _a0-677-13190-9
040 _cIIA Library
080 _a530.1
_bPEI-1
100 _aPeierls, Rudolf
_910449
245 2 _aA perspective of physics
_bvol. 1
_cRudolf Peierls
260 _aLondon
_bGordon and Breach Science
_c1977
300 _axxxv, 243p.
650 _aNASA Thesaurus
650 _aPhysics
_973
942 _cBK
999 _c6019
_d6019